| Record ID | marc_loc_2016/BooksAll.2016.part38.utf8:234041102:961 |
| Source | Library of Congress |
| Download Link | /show-records/marc_loc_2016/BooksAll.2016.part38.utf8:234041102:961?format=raw |
LEADER: 00961cam a2200325 a 4500
001 2011280614
003 DLC
005 20120420081941.0
008 110307s2008 nyua j 000 1 eng
010 $a 2011280614
015 $aGBA852673$2bnb
016 7 $a014576168$2Uk
020 $a9781934618325 (hbk.)
020 $a1934618322 (hbk.)
020 $a9781934618073
020 $a1934618071
035 $a(OCoLC)ocn179837466
040 $aUKM$cUKM$dBTCTA$dBAKER$dIH4$dJQD$dAZH$dDLC
042 $alccopycat
050 00 $aPZ7$b.M53225 2008
082 00 $a[E]$223
245 00 $aMeow.
260 $aNew York :$bBegin Smart,$c2008.
300 $a1 v. (unpaged) :$bcol. ill. ;$c20 cm.
500 $aCover title.
500 $a"Books for brainy babies."
500 $aExtended p. [3] of cover has a button marked "meow" that makes cat noises when pressed.
521 1 $aSix to twelve months.
650 0 $aSound effects books$vSpecimens.
650 0 $aBoard books.